ბათუმის შოთა რუსთაველის სახელმწიფო უნივერსიტეტის ბიბლიოთეკა

В мире музыки : (ბიბ.ჩანაწერი № 36194)

000 -LEADER
fixed length control field 00822nam a2200217Ia 4500
001 - CONTROL NUMBER
control field 2097
003 - CONTROL NUMBER IDENTIFIER
control field GE_BSU
005 - DATE AND TIME OF LATEST TRANSACTION
control field 20221024122240.0
008 - FIXED-LENGTH DATA ELEMENTS--GENERAL INFORMATION
fixed length control field 181216s1991ru xx |||||||||||||| ||rus||
020 ## - INTERNATIONAL STANDARD BOOK NUMBER
International Standard Book Number 5060008223
040 ## - CATALOGING SOURCE
Transcribing agency GE_BSU
041 ## - LANGUAGE CODE
Language code of text/sound track or separate title rus
Language code of original eng
080 ## - UNIVERSAL DECIMAL CLASSIFICATION NUMBER
Universal Decimal Classification number 78 В-78
245 ## - TITLE STATEMENT
Title В мире музыки :
Remainder of title Книга для чтения на английском языке
264 ## - PRODUCTION, PUBLICATION, DISTRIBUTION, MANUFACTURE, AND COPYRIGHT NOTICE
Place of production, publication, distribution, manufacture Москва :
Name of producer, publisher, distributor, manufacturer Высшая школа,
Date of production, publication, distribution, manufacture, or copyright notice 1991.
300 ## - PHYSICAL DESCRIPTION
Extent 141 стр.:
Other physical details 20 см.
653 ## - INDEX TERM--UNCONTROLLED
keyword В мире музыки. Книга для чтения на английском языке
653 ## - INDEX TERM--UNCONTROLLED
keyword მუსიკის სამყაროში. წიგნი ინგლისურ ენაზე წასაკითხად
653 ## - INDEX TERM--UNCONTROLLED
keyword ხელოვნება
942 ## - ADDED ENTRY ELEMENTS (KOHA)
Koha item type წიგნი
Source of classification or shelving scheme
ეგზემპლარები
Withdrawn status Lost status Source of classification or shelving scheme Damaged status Not for loan Permanent Location Current Location Shelving location Date acquired Cost, normal purchase price Full call number Barcode Date last seen Copy number Price effective from Koha item type Public note
          ბათუმის შოთა რუსთაველის სახელმწიფო უნივერსიტეტის მთავარი ბიბლიოთეკა ბათუმის შოთა რუსთაველის სახელმწიფო უნივერსიტეტის მთავარი ბიბლიოთეკა წიგნსაცავი 2018-12-17 5.00 78 В-78 4370 2018-12-17 4370 2018-12-17 წიგნი 5.00